000 00621nam a2200169 i 4500
001 117073
003 ES-MaACL
005 20230906190826.0
007 t|
008 200930s1880 sp r ||||1| spa d
110 2 _aConsejo de Gobierno y Administración del fondo de redenciones y enganches del servicio militar.
_9170366
245 1 0 _aMemoria... del Consejo de Gobierno y Administración del fondo de redenciones y enganches del servicio militar... año 1879.
260 _aMadrid :
_b[s.n.],
_c1880.
300 _ap. ;
_ccm.
650 0 4 _aFuerzas armadas-
_zEspaña-
_yS.XIX.
_913003
852 _aES-MaACL
_jT-444-F-7
999 _c117073
_d117073